<?xml version="1.0" encoding="UTF-8"?>
<collection xmlns="http://www.loc.gov/MARC21/slim">
 <record>
  <leader>09185nas a22008291  4500</leader>
  <controlfield tag="001">1/50290</controlfield>
  <controlfield tag="008">030219c19919999enkmrzp           a0eng d</controlfield>
  <datafield tag="022" ind1=" " ind2=" ">
   <subfield code="a">0953-4423</subfield>
  </datafield>
  <datafield tag="035" ind1=" " ind2=" ">
   <subfield code="l">23734</subfield>
  </datafield>
  <datafield tag="040" ind1=" " ind2=" ">
   <subfield code="a">DLC</subfield>
   <subfield code="b">GR-PeUP</subfield>
  </datafield>
  <datafield tag="090" ind1=" " ind2=" ">
   <subfield code="a">Αλφαβητική σειρά</subfield>
  </datafield>
  <datafield tag="245" ind1="0" ind2="0">
   <subfield code="a">Common market law reports.</subfield>
  </datafield>
  <datafield tag="260" ind1=" " ind2=" ">
   <subfield code="a">London :</subfield>
   <subfield code="b">The European Law Centre at Sweet &amp; Maxwell,</subfield>
   <subfield code="c">1991-</subfield>
  </datafield>
  <datafield tag="300" ind1=" " ind2=" ">
   <subfield code="a">v. ;</subfield>
   <subfield code="c">22 cm.</subfield>
  </datafield>
  <datafield tag="310" ind1=" " ind2=" ">
   <subfield code="a">Monthly.</subfield>
  </datafield>
  <datafield tag="362" ind1="0" ind2=" ">
   <subfield code="a">No1, part 1365(Jan. 2002)-.</subfield>
  </datafield>
  <datafield tag="650" ind1=" " ind2="4">
   <subfield code="a">Antitrust law</subfield>
   <subfield code="z">European Economic Community countries</subfield>
   <subfield code="x">Cases</subfield>
   <subfield code="v">Periodicals.</subfield>
  </datafield>
  <datafield tag="650" ind1=" " ind2="4">
   <subfield code="a">Restraint of trade</subfield>
   <subfield code="z">European Economic Community countries</subfield>
   <subfield code="x">Cases</subfield>
   <subfield code="v">Periodicals.</subfield>
  </datafield>
  <datafield tag="710" ind1="2" ind2=" ">
   <subfield code="a">European Law Centre.</subfield>
  </datafield>
  <datafield tag="852" ind1=" " ind2=" ">
   <subfield code="a">INST</subfield>
   <subfield code="b">UNIPILB</subfield>
   <subfield code="c">SERIALS</subfield>
   <subfield code="e">20041215</subfield>
   <subfield code="h">Αλφαβητική σειρά</subfield>
   <subfield code="p">38396</subfield>
   <subfield code="q">38396</subfield>
   <subfield code="t">NOLOAN</subfield>
   <subfield code="v">no.1417:(Μήνας)January;(Ημέρα)1;(Έτος)2003</subfield>
   <subfield code="y">23</subfield>
  </datafield>
  <datafield tag="852" ind1=" " ind2=" ">
   <subfield code="a">INST</subfield>
   <subfield code="b">UNIPILB</subfield>
   <subfield code="c">SERIALS</subfield>
   <subfield code="e">20041215</subfield>
   <subfield code="h">Αλφαβητική σειρά</subfield>
   <subfield code="p">38397</subfield>
   <subfield code="q">38397</subfield>
   <subfield code="t">NOLOAN</subfield>
   <subfield code="v">no.1418:(Μήνας)January;(Ημέρα)7;(Έτος)2003</subfield>
   <subfield code="y">23</subfield>
  </datafield>
  <datafield tag="852" ind1=" " ind2=" ">
   <subfield code="a">INST</subfield>
   <subfield code="b">UNIPILB</subfield>
   <subfield code="c">SERIALS</subfield>
   <subfield code="e">20041216</subfield>
   <subfield code="h">Αλφαβητική σειρά</subfield>
   <subfield code="p">38444</subfield>
   <subfield code="q">38444</subfield>
   <subfield code="t">NOLOAN</subfield>
   <subfield code="v">no.1419:(Μήνας)January;(Ημέρα)14;(Έτος)2003</subfield>
   <subfield code="y">23</subfield>
  </datafield>
  <datafield tag="852" ind1=" " ind2=" ">
   <subfield code="a">INST</subfield>
   <subfield code="b">UNIPILB</subfield>
   <subfield code="c">SERIALS</subfield>
   <subfield code="e">20041216</subfield>
   <subfield code="h">Αλφαβητική σειρά</subfield>
   <subfield code="p">38445</subfield>
   <subfield code="q">38445</subfield>
   <subfield code="t">NOLOAN</subfield>
   <subfield code="v">no.1420:(Μήνας)January;(Ημέρα)21;(Έτος)2003</subfield>
   <subfield code="y">23</subfield>
  </datafield>
  <datafield tag="852" ind1=" " ind2=" ">
   <subfield code="a">INST</subfield>
   <subfield code="b">UNIPILB</subfield>
   <subfield code="c">SERIALS</subfield>
   <subfield code="e">20041216</subfield>
   <subfield code="h">Αλφαβητική σειρά</subfield>
   <subfield code="p">38446</subfield>
   <subfield code="q">38446</subfield>
   <subfield code="t">NOLOAN</subfield>
   <subfield code="v">no.1421:(Μήνας)January;(Ημέρα)28;(Έτος)2003</subfield>
   <subfield code="y">23</subfield>
  </datafield>
  <datafield tag="852" ind1=" " ind2=" ">
   <subfield code="a">INST</subfield>
   <subfield code="b">UNIPILB</subfield>
   <subfield code="c">SERIALS</subfield>
   <subfield code="e">20041216</subfield>
   <subfield code="h">Αλφαβητική σειρά</subfield>
   <subfield code="p">38447</subfield>
   <subfield code="q">38447</subfield>
   <subfield code="t">NOLOAN</subfield>
   <subfield code="v">no.1422:(Μήνας)February;(Ημέρα)4;(Έτος)2003</subfield>
   <subfield code="y">23</subfield>
  </datafield>
  <datafield tag="852" ind1=" " ind2=" ">
   <subfield code="a">INST</subfield>
   <subfield code="b">UNIPILB</subfield>
   <subfield code="c">SERIALS</subfield>
   <subfield code="e">20041216</subfield>
   <subfield code="h">Αλφαβητική σειρά</subfield>
   <subfield code="p">38448</subfield>
   <subfield code="q">38448</subfield>
   <subfield code="t">NOLOAN</subfield>
   <subfield code="v">no.1423:(Μήνας)February;(Ημέρα)11;(Έτος)2003</subfield>
   <subfield code="y">23</subfield>
  </datafield>
  <datafield tag="852" ind1=" " ind2=" ">
   <subfield code="a">INST</subfield>
   <subfield code="b">UNIPILB</subfield>
   <subfield code="c">SERIALS</subfield>
   <subfield code="e">20041216</subfield>
   <subfield code="h">Αλφαβητική σειρά</subfield>
   <subfield code="p">38449</subfield>
   <subfield code="q">38449</subfield>
   <subfield code="t">NOLOAN</subfield>
   <subfield code="v">no.1424:(Μήνας)February;(Ημέρα)18;(Έτος)2003</subfield>
   <subfield code="y">23</subfield>
  </datafield>
  <datafield tag="852" ind1=" " ind2=" ">
   <subfield code="a">INST</subfield>
   <subfield code="b">UNIPILB</subfield>
   <subfield code="c">SERIALS</subfield>
   <subfield code="e">20041216</subfield>
   <subfield code="h">Αλφαβητική σειρά</subfield>
   <subfield code="p">38450</subfield>
   <subfield code="q">38450</subfield>
   <subfield code="t">NOLOAN</subfield>
   <subfield code="v">no.1425:(Μήνας)February;(Ημέρα)25;(Έτος)2003</subfield>
   <subfield code="y">23</subfield>
  </datafield>
  <datafield tag="852" ind1=" " ind2=" ">
   <subfield code="a">INST</subfield>
   <subfield code="b">UNIPILB</subfield>
   <subfield code="c">SERIALS</subfield>
   <subfield code="e">20041216</subfield>
   <subfield code="h">Αλφαβητική σειρά</subfield>
   <subfield code="p">38451</subfield>
   <subfield code="q">38451</subfield>
   <subfield code="t">NOLOAN</subfield>
   <subfield code="v">no.1426:(Μήνας)March;(Ημέρα)4;(Έτος)2003</subfield>
   <subfield code="y">23</subfield>
  </datafield>
  <datafield tag="852" ind1=" " ind2=" ">
   <subfield code="a">INST</subfield>
   <subfield code="b">UNIPILB</subfield>
   <subfield code="c">SERIALS</subfield>
   <subfield code="e">20041216</subfield>
   <subfield code="h">Αλφαβητική σειρά</subfield>
   <subfield code="p">38452</subfield>
   <subfield code="q">38452</subfield>
   <subfield code="t">NOLOAN</subfield>
   <subfield code="v">no.1427:(Μήνας)March;(Ημέρα)11;(Έτος)2003</subfield>
   <subfield code="y">23</subfield>
  </datafield>
  <datafield tag="852" ind1=" " ind2=" ">
   <subfield code="a">INST</subfield>
   <subfield code="b">UNIPILB</subfield>
   <subfield code="c">SERIALS</subfield>
   <subfield code="e">20041216</subfield>
   <subfield code="h">Αλφαβητική σειρά</subfield>
   <subfield code="p">38453</subfield>
   <subfield code="q">38453</subfield>
   <subfield code="t">NOLOAN</subfield>
   <subfield code="v">no.1428:(Μήνας)March;(Ημέρα)18;(Έτος)2003</subfield>
   <subfield code="y">23</subfield>
  </datafield>
  <datafield tag="852" ind1=" " ind2=" ">
   <subfield code="a">INST</subfield>
   <subfield code="b">UNIPILB</subfield>
   <subfield code="c">SERIALS</subfield>
   <subfield code="e">20041216</subfield>
   <subfield code="h">Αλφαβητική σειρά</subfield>
   <subfield code="p">38454</subfield>
   <subfield code="q">38454</subfield>
   <subfield code="t">NOLOAN</subfield>
   <subfield code="v">no.1429:(Μήνας)March;(Ημέρα)25;(Έτος)2003</subfield>
   <subfield code="y">23</subfield>
  </datafield>
  <datafield tag="852" ind1=" " ind2=" ">
   <subfield code="a">INST</subfield>
   <subfield code="b">UNIPILB</subfield>
   <subfield code="c">SERIALS</subfield>
   <subfield code="e">20041216</subfield>
   <subfield code="h">Αλφαβητική σειρά</subfield>
   <subfield code="p">38455</subfield>
   <subfield code="q">38455</subfield>
   <subfield code="t">NOLOAN</subfield>
   <subfield code="v">no.1430:(Μήνας)April;(Ημέρα)1;(Έτος)2003</subfield>
   <subfield code="y">23</subfield>
  </datafield>
  <datafield tag="852" ind1=" " ind2=" ">
   <subfield code="a">INST</subfield>
   <subfield code="b">UNIPILB</subfield>
   <subfield code="c">SERIALS</subfield>
   <subfield code="e">20041216</subfield>
   <subfield code="h">Αλφαβητική σειρά</subfield>
   <subfield code="p">38456</subfield>
   <subfield code="q">38456</subfield>
   <subfield code="t">NOLOAN</subfield>
   <subfield code="v">no.1431:(Μήνας)April;(Ημέρα)8;(Έτος)2003</subfield>
   <subfield code="y">23</subfield>
  </datafield>
  <datafield tag="852" ind1=" " ind2=" ">
   <subfield code="a">INST</subfield>
   <subfield code="b">UNIPILB</subfield>
   <subfield code="c">SERIALS</subfield>
   <subfield code="e">20041216</subfield>
   <subfield code="h">Αλφαβητική σειρά</subfield>
   <subfield code="p">38457</subfield>
   <subfield code="q">38457</subfield>
   <subfield code="t">NOLOAN</subfield>
   <subfield code="v">no.1432:(Μήνας)April;(Ημέρα)15;(Έτος)2003</subfield>
   <subfield code="y">23</subfield>
  </datafield>
  <datafield tag="852" ind1=" " ind2=" ">
   <subfield code="a">INST</subfield>
   <subfield code="b">UNIPILB</subfield>
   <subfield code="c">SERIALS</subfield>
   <subfield code="e">20041216</subfield>
   <subfield code="h">Αλφαβητική σειρά</subfield>
   <subfield code="p">38458</subfield>
   <subfield code="q">38458</subfield>
   <subfield code="t">NOLOAN</subfield>
   <subfield code="v">no.1433:(Μήνας)April;(Ημέρα)22;(Έτος)2003</subfield>
   <subfield code="y">23</subfield>
  </datafield>
  <datafield tag="852" ind1=" " ind2=" ">
   <subfield code="a">INST</subfield>
   <subfield code="b">UNIPILB</subfield>
   <subfield code="c">SERIALS</subfield>
   <subfield code="e">20041216</subfield>
   <subfield code="h">Αλφαβητική σειρά</subfield>
   <subfield code="p">38459</subfield>
   <subfield code="q">38459</subfield>
   <subfield code="t">NOLOAN</subfield>
   <subfield code="v">no.1434:(Μήνας)April;(Ημέρα)29;(Έτος)2003</subfield>
   <subfield code="y">23</subfield>
  </datafield>
  <datafield tag="852" ind1=" " ind2=" ">
   <subfield code="a">INST</subfield>
   <subfield code="b">UNIPILB</subfield>
   <subfield code="c">SERIALS</subfield>
   <subfield code="e">20041216</subfield>
   <subfield code="h">Αλφαβητική σειρά</subfield>
   <subfield code="p">38460</subfield>
   <subfield code="q">38460</subfield>
   <subfield code="t">NOLOAN</subfield>
   <subfield code="v">no.1435:(Μήνας)May;(Ημέρα)6;(Έτος)2003</subfield>
   <subfield code="y">23</subfield>
  </datafield>
  <datafield tag="852" ind1=" " ind2=" ">
   <subfield code="a">INST</subfield>
   <subfield code="b">UNIPILB</subfield>
   <subfield code="c">SERIALS</subfield>
   <subfield code="e">20041216</subfield>
   <subfield code="h">Αλφαβητική σειρά</subfield>
   <subfield code="p">38461</subfield>
   <subfield code="q">38461</subfield>
   <subfield code="t">NOLOAN</subfield>
   <subfield code="v">no.1436:(Μήνας)May;(Ημέρα)13;(Έτος)2003</subfield>
   <subfield code="y">23</subfield>
  </datafield>
  <datafield tag="852" ind1=" " ind2=" ">
   <subfield code="a">INST</subfield>
   <subfield code="b">UNIPILB</subfield>
   <subfield code="c">SERIALS</subfield>
   <subfield code="e">20041216</subfield>
   <subfield code="h">Αλφαβητική σειρά</subfield>
   <subfield code="p">38462</subfield>
   <subfield code="q">38462</subfield>
   <subfield code="t">NOLOAN</subfield>
   <subfield code="v">no.1437:(Μήνας)May;(Ημέρα)20;(Έτος)2003</subfield>
   <subfield code="y">23</subfield>
  </datafield>
  <datafield tag="852" ind1=" " ind2=" ">
   <subfield code="a">INST</subfield>
   <subfield code="b">UNIPILB</subfield>
   <subfield code="c">SERIALS</subfield>
   <subfield code="e">20041216</subfield>
   <subfield code="h">Αλφαβητική σειρά</subfield>
   <subfield code="p">38464</subfield>
   <subfield code="q">38464</subfield>
   <subfield code="t">NOLOAN</subfield>
   <subfield code="v">no.1438:(Μήνας)May;(Ημέρα)27;(Έτος)2003</subfield>
   <subfield code="y">23</subfield>
  </datafield>
  <datafield tag="852" ind1=" " ind2=" ">
   <subfield code="a">INST</subfield>
   <subfield code="b">UNIPILB</subfield>
   <subfield code="c">SERIALS</subfield>
   <subfield code="e">20041216</subfield>
   <subfield code="h">Αλφαβητική σειρά</subfield>
   <subfield code="p">38465</subfield>
   <subfield code="q">38465</subfield>
   <subfield code="t">NOLOAN</subfield>
   <subfield code="v">no.1439:(Μήνας)June;(Ημέρα)3;(Έτος)2003</subfield>
   <subfield code="y">23</subfield>
  </datafield>
  <datafield tag="852" ind1=" " ind2=" ">
   <subfield code="a">INST</subfield>
   <subfield code="b">UNIPILB</subfield>
   <subfield code="c">SERIALS</subfield>
   <subfield code="e">20041216</subfield>
   <subfield code="h">Αλφαβητική σειρά</subfield>
   <subfield code="p">38466</subfield>
   <subfield code="q">38466</subfield>
   <subfield code="t">NOLOAN</subfield>
   <subfield code="v">no.1440:(Μήνας)June;(Ημέρα)10;(Έτος)2003</subfield>
   <subfield code="y">23</subfield>
  </datafield>
  <datafield tag="852" ind1=" " ind2=" ">
   <subfield code="a">INST</subfield>
   <subfield code="b">UNIPILB</subfield>
   <subfield code="c">SERIALS</subfield>
   <subfield code="e">20041216</subfield>
   <subfield code="h">Αλφαβητική σειρά</subfield>
   <subfield code="p">38467</subfield>
   <subfield code="q">38467</subfield>
   <subfield code="t">NOLOAN</subfield>
   <subfield code="v">no.1441:(Μήνας)June;(Ημέρα)17;(Έτος)2003</subfield>
   <subfield code="y">23</subfield>
  </datafield>
  <datafield tag="852" ind1=" " ind2=" ">
   <subfield code="a">INST</subfield>
   <subfield code="b">UNIPILB</subfield>
   <subfield code="c">SERIALS</subfield>
   <subfield code="e">20041216</subfield>
   <subfield code="h">Αλφαβητική σειρά</subfield>
   <subfield code="p">38468</subfield>
   <subfield code="q">38468</subfield>
   <subfield code="t">NOLOAN</subfield>
   <subfield code="v">no.1442:(Μήνας)June;(Ημέρα)24;(Έτος)2003</subfield>
   <subfield code="y">23</subfield>
  </datafield>
  <datafield tag="852" ind1=" " ind2=" ">
   <subfield code="a">INST</subfield>
   <subfield code="b">UNIPILB</subfield>
   <subfield code="c">SERIALS</subfield>
   <subfield code="e">20041216</subfield>
   <subfield code="h">Αλφαβητική σειρά</subfield>
   <subfield code="p">38469</subfield>
   <subfield code="q">38469</subfield>
   <subfield code="t">NOLOAN</subfield>
   <subfield code="v">no.1443:(Μήνας)July;(Ημέρα)1;(Έτος)2003</subfield>
   <subfield code="y">23</subfield>
  </datafield>
  <datafield tag="852" ind1=" " ind2=" ">
   <subfield code="a">INST</subfield>
   <subfield code="b">UNIPILB</subfield>
   <subfield code="c">SERIALS</subfield>
   <subfield code="e">20041216</subfield>
   <subfield code="h">Αλφαβητική σειρά</subfield>
   <subfield code="p">38470</subfield>
   <subfield code="q">38470</subfield>
   <subfield code="t">NOLOAN</subfield>
   <subfield code="v">no.1444:(Μήνας)July;(Ημέρα)8;(Έτος)2003</subfield>
   <subfield code="y">23</subfield>
  </datafield>
  <datafield tag="852" ind1=" " ind2=" ">
   <subfield code="a">INST</subfield>
   <subfield code="b">UNIPILB</subfield>
   <subfield code="c">SERIALS</subfield>
   <subfield code="e">20041216</subfield>
   <subfield code="h">Αλφαβητική σειρά</subfield>
   <subfield code="p">38471</subfield>
   <subfield code="q">38471</subfield>
   <subfield code="t">NOLOAN</subfield>
   <subfield code="v">no.1445:(Μήνας)July;(Ημέρα)15;(Έτος)2003</subfield>
   <subfield code="y">23</subfield>
  </datafield>
  <datafield tag="852" ind1=" " ind2=" ">
   <subfield code="a">INST</subfield>
   <subfield code="b">UNIPILB</subfield>
   <subfield code="c">SERIALS</subfield>
   <subfield code="e">20041216</subfield>
   <subfield code="h">Αλφαβητική σειρά</subfield>
   <subfield code="p">38472</subfield>
   <subfield code="q">38472</subfield>
   <subfield code="t">NOLOAN</subfield>
   <subfield code="v">no.1446:(Μήνας)July;(Ημέρα)22;(Έτος)2003</subfield>
   <subfield code="y">23</subfield>
  </datafield>
  <datafield tag="852" ind1=" " ind2=" ">
   <subfield code="a">INST</subfield>
   <subfield code="b">UNIPILB</subfield>
   <subfield code="c">SERIALS</subfield>
   <subfield code="e">20041216</subfield>
   <subfield code="h">Αλφαβητική σειρά</subfield>
   <subfield code="p">38473</subfield>
   <subfield code="q">38473</subfield>
   <subfield code="t">NOLOAN</subfield>
   <subfield code="v">no.1447:(Μήνας)July;(Ημέρα)29;(Έτος)2003</subfield>
   <subfield code="y">23</subfield>
  </datafield>
  <datafield tag="852" ind1=" " ind2=" ">
   <subfield code="a">INST</subfield>
   <subfield code="b">UNIPILB</subfield>
   <subfield code="c">SERIALS</subfield>
   <subfield code="e">20041216</subfield>
   <subfield code="h">Αλφαβητική σειρά</subfield>
   <subfield code="p">38474</subfield>
   <subfield code="q">38474</subfield>
   <subfield code="t">NOLOAN</subfield>
   <subfield code="v">no.1448:(Μήνας)August;(Ημέρα)5;(Έτος)2003</subfield>
   <subfield code="y">23</subfield>
  </datafield>
  <datafield tag="852" ind1=" " ind2=" ">
   <subfield code="a">INST</subfield>
   <subfield code="b">UNIPILB</subfield>
   <subfield code="c">SERIALS</subfield>
   <subfield code="e">20041216</subfield>
   <subfield code="h">Αλφαβητική σειρά</subfield>
   <subfield code="p">38475</subfield>
   <subfield code="q">38475</subfield>
   <subfield code="t">NOLOAN</subfield>
   <subfield code="v">no.1449:(Μήνας)August;(Ημέρα)12;(Έτος)2003</subfield>
   <subfield code="y">23</subfield>
  </datafield>
  <datafield tag="852" ind1=" " ind2=" ">
   <subfield code="a">INST</subfield>
   <subfield code="b">UNIPILB</subfield>
   <subfield code="c">SERIALS</subfield>
   <subfield code="e">20041216</subfield>
   <subfield code="h">Αλφαβητική σειρά</subfield>
   <subfield code="p">38476</subfield>
   <subfield code="q">38476</subfield>
   <subfield code="t">NOLOAN</subfield>
   <subfield code="v">no.1450:(Μήνας)August;(Ημέρα)19;(Έτος)2003</subfield>
   <subfield code="y">23</subfield>
  </datafield>
  <datafield tag="852" ind1=" " ind2=" ">
   <subfield code="a">INST</subfield>
   <subfield code="b">UNIPILB</subfield>
   <subfield code="c">SERIALS</subfield>
   <subfield code="e">20041216</subfield>
   <subfield code="h">Αλφαβητική σειρά</subfield>
   <subfield code="p">38477</subfield>
   <subfield code="q">38477</subfield>
   <subfield code="t">NOLOAN</subfield>
   <subfield code="v">no.1451:(Μήνας)August;(Ημέρα)26;(Έτος)2003</subfield>
   <subfield code="y">23</subfield>
  </datafield>
  <datafield tag="852" ind1=" " ind2=" ">
   <subfield code="a">INST</subfield>
   <subfield code="b">UNIPILB</subfield>
   <subfield code="c">SERIALS</subfield>
   <subfield code="e">20041216</subfield>
   <subfield code="h">Αλφαβητική σειρά</subfield>
   <subfield code="p">38478</subfield>
   <subfield code="q">38478</subfield>
   <subfield code="t">NOLOAN</subfield>
   <subfield code="v">no.1452:(Μήνας)September;(Ημέρα)2;(Έτος)2003</subfield>
   <subfield code="y">23</subfield>
  </datafield>
  <datafield tag="852" ind1=" " ind2=" ">
   <subfield code="a">INST</subfield>
   <subfield code="b">UNIPILB</subfield>
   <subfield code="c">SERIALS</subfield>
   <subfield code="e">20041216</subfield>
   <subfield code="h">Αλφαβητική σειρά</subfield>
   <subfield code="p">38479</subfield>
   <subfield code="q">38479</subfield>
   <subfield code="t">NOLOAN</subfield>
   <subfield code="v">no.1453:(Μήνας)September;(Ημέρα)9;(Έτος)2003</subfield>
   <subfield code="y">23</subfield>
  </datafield>
  <datafield tag="852" ind1=" " ind2=" ">
   <subfield code="a">INST</subfield>
   <subfield code="b">UNIPILB</subfield>
   <subfield code="c">SERIALS</subfield>
   <subfield code="e">20041216</subfield>
   <subfield code="h">Αλφαβητική σειρά</subfield>
   <subfield code="p">38480</subfield>
   <subfield code="q">38480</subfield>
   <subfield code="t">NOLOAN</subfield>
   <subfield code="v">no.1454:(Μήνας)September;(Ημέρα)16;(Έτος)2003</subfield>
   <subfield code="y">23</subfield>
  </datafield>
  <datafield tag="852" ind1=" " ind2=" ">
   <subfield code="a">INST</subfield>
   <subfield code="b">UNIPILB</subfield>
   <subfield code="c">SERIALS</subfield>
   <subfield code="e">20041216</subfield>
   <subfield code="h">Αλφαβητική σειρά</subfield>
   <subfield code="p">38481</subfield>
   <subfield code="q">38481</subfield>
   <subfield code="t">NOLOAN</subfield>
   <subfield code="v">no.1455:(Μήνας)September;(Ημέρα)23;(Έτος)2003</subfield>
   <subfield code="y">23</subfield>
  </datafield>
  <datafield tag="852" ind1=" " ind2=" ">
   <subfield code="a">INST</subfield>
   <subfield code="b">UNIPILB</subfield>
   <subfield code="c">SERIALS</subfield>
   <subfield code="e">20041216</subfield>
   <subfield code="h">Αλφαβητική σειρά</subfield>
   <subfield code="p">38482</subfield>
   <subfield code="q">38482</subfield>
   <subfield code="t">NOLOAN</subfield>
   <subfield code="v">no.1456:(Μήνας)September;(Ημέρα)30;(Έτος)2003</subfield>
   <subfield code="y">23</subfield>
  </datafield>
  <datafield tag="852" ind1=" " ind2=" ">
   <subfield code="a">INST</subfield>
   <subfield code="b">UNIPILB</subfield>
   <subfield code="c">SERIALS</subfield>
   <subfield code="e">20041216</subfield>
   <subfield code="h">Αλφαβητική σειρά</subfield>
   <subfield code="p">38483</subfield>
   <subfield code="q">38483</subfield>
   <subfield code="t">NOLOAN</subfield>
   <subfield code="v">no.1457:(Μήνας)October;(Ημέρα)7;(Έτος)2003</subfield>
   <subfield code="y">23</subfield>
  </datafield>
  <datafield tag="852" ind1=" " ind2=" ">
   <subfield code="a">INST</subfield>
   <subfield code="b">UNIPILB</subfield>
   <subfield code="c">SERIALS</subfield>
   <subfield code="e">20041216</subfield>
   <subfield code="h">Αλφαβητική σειρά</subfield>
   <subfield code="p">38484</subfield>
   <subfield code="q">38484</subfield>
   <subfield code="t">NOLOAN</subfield>
   <subfield code="v">no.1458:(Μήνας)October;(Ημέρα)14;(Έτος)2003</subfield>
   <subfield code="y">23</subfield>
  </datafield>
  <datafield tag="852" ind1=" " ind2=" ">
   <subfield code="a">INST</subfield>
   <subfield code="b">UNIPILB</subfield>
   <subfield code="c">SERIALS</subfield>
   <subfield code="e">20041216</subfield>
   <subfield code="h">Αλφαβητική σειρά</subfield>
   <subfield code="p">38485</subfield>
   <subfield code="q">38485</subfield>
   <subfield code="t">NOLOAN</subfield>
   <subfield code="v">no.1459:(Μήνας)October;(Ημέρα)21;(Έτος)2003</subfield>
   <subfield code="y">23</subfield>
  </datafield>
  <datafield tag="852" ind1=" " ind2=" ">
   <subfield code="a">INST</subfield>
   <subfield code="b">UNIPILB</subfield>
   <subfield code="c">SERIALS</subfield>
   <subfield code="e">20041216</subfield>
   <subfield code="h">Αλφαβητική σειρά</subfield>
   <subfield code="p">38486</subfield>
   <subfield code="q">38486</subfield>
   <subfield code="t">NOLOAN</subfield>
   <subfield code="v">no.1460:(Μήνας)October;(Ημέρα)28;(Έτος)2003</subfield>
   <subfield code="y">23</subfield>
  </datafield>
  <datafield tag="852" ind1=" " ind2=" ">
   <subfield code="a">INST</subfield>
   <subfield code="b">UNIPILB</subfield>
   <subfield code="c">SERIALS</subfield>
   <subfield code="e">20041216</subfield>
   <subfield code="h">Αλφαβητική σειρά</subfield>
   <subfield code="p">38487</subfield>
   <subfield code="q">38487</subfield>
   <subfield code="t">NOLOAN</subfield>
   <subfield code="v">no.1461:(Μήνας)November;(Ημέρα)4;(Έτος)2003</subfield>
   <subfield code="y">23</subfield>
  </datafield>
  <datafield tag="852" ind1=" " ind2=" ">
   <subfield code="a">INST</subfield>
   <subfield code="b">UNIPILB</subfield>
   <subfield code="c">SERIALS</subfield>
   <subfield code="e">20041216</subfield>
   <subfield code="h">Αλφαβητική σειρά</subfield>
   <subfield code="p">38488</subfield>
   <subfield code="q">38488</subfield>
   <subfield code="t">NOLOAN</subfield>
   <subfield code="v">no.1462:(Μήνας)November;(Ημέρα)11;(Έτος)2003</subfield>
   <subfield code="y">23</subfield>
  </datafield>
  <datafield tag="852" ind1=" " ind2=" ">
   <subfield code="a">INST</subfield>
   <subfield code="b">UNIPILB</subfield>
   <subfield code="c">SERIALS</subfield>
   <subfield code="e">20041216</subfield>
   <subfield code="h">Αλφαβητική σειρά</subfield>
   <subfield code="p">38490</subfield>
   <subfield code="q">38490</subfield>
   <subfield code="t">NOLOAN</subfield>
   <subfield code="v">no.1463:(Μήνας)November;(Ημέρα)18;(Έτος)2003</subfield>
   <subfield code="y">23</subfield>
  </datafield>
  <datafield tag="852" ind1=" " ind2=" ">
   <subfield code="a">INST</subfield>
   <subfield code="b">UNIPILB</subfield>
   <subfield code="c">SERIALS</subfield>
   <subfield code="e">20041216</subfield>
   <subfield code="h">Αλφαβητική σειρά</subfield>
   <subfield code="p">38491</subfield>
   <subfield code="q">38491</subfield>
   <subfield code="t">NOLOAN</subfield>
   <subfield code="v">no.1464:(Μήνας)November;(Ημέρα)25;(Έτος)2003</subfield>
   <subfield code="y">23</subfield>
  </datafield>
  <datafield tag="852" ind1=" " ind2=" ">
   <subfield code="a">INST</subfield>
   <subfield code="b">UNIPILB</subfield>
   <subfield code="c">SERIALS</subfield>
   <subfield code="e">20041216</subfield>
   <subfield code="h">Αλφαβητική σειρά</subfield>
   <subfield code="p">38492</subfield>
   <subfield code="q">38492</subfield>
   <subfield code="t">NOLOAN</subfield>
   <subfield code="v">no.1465:(Μήνας)December;(Ημέρα)2;(Έτος)2003</subfield>
   <subfield code="y">23</subfield>
  </datafield>
  <datafield tag="900" ind1=" " ind2=" ">
   <subfield code="a">no. 1466 (December 9, 2003)</subfield>
   <subfield code="b">Οφειλόμενο</subfield>
   <subfield code="c">11/01/2006</subfield>
  </datafield>
  <datafield tag="950" ind1=" " ind2=" ">
   <subfield code="a">01/01/2003</subfield>
   <subfield code="c">ANACO Κ. ΑΝΑΓΝΩΣΤΟΥ Ε.Π.Ε., ΜΗΧΑΝΗΜΑΤΑ ΚΑΙ ΣΥΣΤΗΜΑΤΑ ΟΡΓΑΝΩΣΗΣ ΓΡΑΦΕΙΟΥ</subfield>
   <subfield code="d">29</subfield>
  </datafield>
  <datafield tag="951" ind1=" " ind2=" ">
   <subfield code="a">no. 1417 (January 1, 2003) - no. 1465 (December 2, 2003)</subfield>
   <subfield code="b">Main run</subfield>
  </datafield>
  <datafield tag="951" ind1=" " ind2=" ">
   <subfield code="a">No1, part 1365(Jan. 2002) - no.3 p.1416 (Dec. 2002)</subfield>
   <subfield code="b">Main run</subfield>
  </datafield>
 </record>
</collection>
